00407nam a22001337a 450000500170000000800410001704100120005808200130007010000120008324500390009526000850013430000290021965000250024820240819143037.0240819b |||||||| |||| 00| 0 eng d aEnglish a349 LAW  lEnglish aThe Law Reports: Probate Division  aLondon: bThe Incorporated Council of Law Reporting for England and Wales,c1937 bxv, 223 pages; c25 cm.  aLegal practice bLaw